000 00719cam a2200265 4500
001 ABS64774
008 011126n2001 000 0 eng u
035 _a(Sirsi) u115735
245 _aFocus 2001: Industrial and distribution
260 _c2001
490 _aEstates Gazette
_v(0146) 17 November 2001, 81-128(14)
590 _aABS
650 _aMANUFACTURING INDUSTRY
650 _aRECESSION
650 _aDISTRIBUTION SECTOR
650 _aFLOORSPACE
650 _aOCCUPIERS
650 _aFLEXIBLE LEASES
650 _aINDUSTRIAL MARKET
650 _aRENTS
650 _aRAILFREIGHT
650 _aPLANNING SYSTEM
690 _aPROPERTY-COMMERCIAL PROPERTY-COMMERCIAL PROPERTY MARKET
942 _n0
999 _c68938
_d68938